[Event "Rubinstein Open"]
[Site "Polanica Zdroj POL"]
[Date "2001.08.16"]
[Round "1"]
[White "Worek,J"]
[Black "Miroshnichenko,E"]
[Result "1/2-1/2"]
[WhiteElo "2210"]
[BlackElo "2539"]

1.d4 Nf6 2.c4 Nc6 3.Nc3 e5 4.dxe5 Nxe5 5.e3 d6 6.Be2 c6 7.Nf3 Be6 8.b3 Be7
9.O-O Nxf3+ 10.Bxf3 Qa5 11.Bb2 O-O-O 12.a3 Qc7 13.Qe2 h5 14.Rfc1 Kb8 15.b4 Ng4
16.Nd5 Qd7 17.Nxe7 Qxe7 18.Bd4 f5 19.a4 Qc7 20.Qb2 Ka8 21.a5 d5 22.Bxg4 hxg4
23.Be5 Qf7 24.c5 a6 25.b5 cxb5 26.c6 d4 27.cxb7+ Qxb7 28.Rc7 Qe4 29.Bxd4 Rd7
30.Rac1 Rxc7 31.Rxc7 Bd5 32.f3 gxf3 33.Ra7+ Kb8 34.Rxa6 Bc6 35.Rb6+ Kc8 36.a6 f4
37.a7 fxe3 38.Rxc6+ Qxc6 39.Bxe3 Rf8 40.Qa3 f2+ 41.Bxf2 Kb7 42.Qe7+ Qc7 43.Qe4+ Qc6
44.Qe7+ Ka6 45.Qa3+  1/2-1/2

[Event "WJun"]
[Site "Athens GRE"]
[Date "2001.08.21"]
[Round "6"]
[White "Karttunen,M"]
[Black "Palliser,R"]
[Result "1/2-1/2"]
[WhiteElo "2466"]
[BlackElo "2337"]

1.d4 Nf6 2.c4 Nc6 3.Nf3 e6 4.g3 Bb4+ 5.Nbd2 d5 6.Qc2 dxc4 7.Qxc4 Qd5 8.Qxd5 exd5
9.a3 Bd6 10.b4 Bf5 11.e3 O-O 12.Bb5 Ne7 13.Nb3 b6 14.O-O Ne4 15.Bb2 a5 16.bxa5 bxa5
17.Ba4 Rfb8 18.Ra2 Rb6 19.Ba1 Rab8 20.Nfd2 Nxd2 21.Nxd2 Bd3 22.Rc1 f5 23.Bc3 Bb5
24.Bd1 a4 25.Raa1 Kf7 26.Nf3 Ke6 27.Ne1 Bc4 28.Nf3 h6 29.Bc2 Bb3 30.Bd3 Bc4
31.Bc2 Bb3 32.Bb1 Rc6 33.Ne5 Bxe5 34.dxe5 Ng6 35.f4 Nf8 36.Bd3 Nd7 37.Bb4 Rxc1+
38.Rxc1 c5 39.Bc3 c4 40.Bb1 Nc5 41.g4 Nd3 42.Rf1 g6 43.h3 h5 44.g5 Nc5 45.Rc1 Na6
46.Kf2 Nc7 47.Ke2 Nb5 48.Bb4 Rc8 49.Ke1 Rd8 50.Ke2 h4 51.Bc5 Rc8 52.Bb4 Rd8
53.Bc5 Rc8  1/2-1/2

[Event "21st Open"]
[Site "Bratto ITA"]
[Date "2001.08.25"]
[Round "4"]
[White "De Santis,A"]
[Black "Vancini,E"]
[Result "1-0"]
[WhiteElo "2353"]
[BlackElo "2358"]

1.d4 Nf6 2.c4 Nc6 3.Nc3 e5 4.d5 Ne7 5.Nf3 Ng6 6.h4 h5 7.a3 Ng4 8.Bg5 Be7
9.d6 Bxg5 10.hxg5 cxd6 11.Qxd6 Qe7 12.Qxe7+ Nxe7 13.Nb5 Kf8 14.e3 b6 15.Rd1 a6
16.Nd6 Ra7 17.Be2 Bb7 18.Nxb7 Rxb7 19.Nd2 Kg8 20.Nf1 e4 21.Bxg4 hxg4 22.Rxh8+ Kxh8
23.Rd4 b5 24.c5 b4 25.a4 Rc7 26.Rxe4 Ng6 27.Rxb4 Rxc5 28.Rb8+ Kh7 29.Ng3 Rxg5
30.b4 Ne7 31.b5 axb5 32.axb5 Rd5 33.Ne2 Nf5 34.e4  1-0

[Event "1st Open"]
[Site "St-Chely d'Aubrac FRA"]
[Date "2001.08.27"]
[Round "3"]
[White "Delmont,J"]
[Black "Olivier,Pi"]
[Result "1/2-1/2"]
[WhiteElo "2003"]
[BlackElo "2226"]

1.d4 Nf6 2.c4 Nc6 3.Nc3 e5 4.dxe5 Nxe5 5.e3 g6 6.Be2 d6 7.Nf3 Ned7 8.O-O Bg7
9.Qc2 O-O 10.b3 Nc5 11.Nd4 c6 12.Bf3 Qe7 13.Bb2 Bg4 14.Rad1 a5 15.Qe2 Bxf3
16.Qxf3 Nce4 17.Nxe4 Nxe4 18.Qe2 f5 19.Qc2 Rfd8 20.Ne2 Bxb2 21.Qxb2 Qe5 22.Qd4 Qxd4
23.Rxd4 Kf7 24.Rfd1 Ke7 25.f3 Nc5 26.Nc3 Ra6 27.e4 fxe4 28.Nxe4  1/2-1/2

[Event "EYCC G18"]
[Site "Halkidiki GRE"]
[Date "2001.09.04"]
[Round "5"]
[White "Djuric,Ve"]
[Black "Stiri,A"]
[Result "0-1"]
[WhiteElo "2015"]
[BlackElo "2148"]

1.d4 Nf6 2.c4 Nc6 3.Nc3 e5 4.d5 Ne7 5.e4 Ng6 6.Nge2 a6 7.f3 Bc5 8.a3 d6 9.b4 Bb6
10.Na4 Ba7 11.c5 Nh5 12.Be3 O-O 13.Nec3 f5 14.Qd2 fxe4 15.Nxe4 Nhf4 16.g3 Nh5
17.Bg2 Ne7 18.Nac3 Nf6 19.O-O Bf5 20.Nxf6+ Rxf6 21.f4 exf4 22.Rxf4 Qf8 23.Ne4 Bxe4
24.Rxe4 Nf5 25.Rc1 Nxe3 26.Qxe3 b6 27.Re7 bxc5 28.Rxc7 Rf7 29.Qe6 Re8 30.Rxf7 Qxf7
31.Qxf7+ Kxf7 32.Kf1 Re3 33.Ra1 Kf6 34.bxc5 Bxc5 35.a4 Rb3 36.Ra2 a5 37.Bh3 Rb1+
38.Kg2 g5 39.Be6 h5 40.g4 h4 41.Re2 Rg1+ 42.Kh3 Ra1 43.Bd7 Ra3+ 44.Kg2 h3+
45.Kf1 Rf3+ 46.Ke1 Bb4+ 47.Kd1 Rd3+ 48.Kc2 Rxd5 49.Re6+ Kf7 50.Re2 Rd4 51.Be8+ Kf6
52.Bd7 Rf4 53.Kd3 Bc5 54.Re6+ Kf7 55.Kd2 Rf2+ 56.Re2 Rg2 57.Ke1 Rxe2+ 58.Kxe2 Bg1
59.Kf3 Bxh2 60.Bb5 Bg1 61.Bf1 h2 62.Bg2 Ke6 63.Ke4 d5+ 64.Kf3 Ke5 65.Kg3 d4
66.Bf3 d3 67.Kg2 Kd4 68.Kf1 Ke3 69.Bg2 d2 70.Bf3 d1=Q+  0-1

[Event "43rd Open"]
[Site "Imperia ITA"]
[Date "2001.09.09"]
[Round "9"]
[White "Tabernig,B"]
[Black "Sulava,N"]
[Result "1/2-1/2"]
[WhiteElo "2325"]
[BlackElo "2531"]

1.d4 Nf6 2.c4 Nc6 3.Nf3 e6 4.a3 d5 5.e3 g6 6.Nbd2 Bg7 7.Qc2 O-O 8.b4 Ne7
9.Bb2 b6 10.c5 c6 11.Bd3 a5 12.O-O Ba6 13.Bxa6 Rxa6 14.bxa5 bxc5 15.Qxc5 Nd7
16.Qc2 Qxa5 17.a4 Rfa8 18.Rfc1 Qc7 19.Ba3 Nf5 20.g4 Nh6 21.h3 f5 22.Ng5 fxg4
23.Nxe6 Qc8 24.Nxg7 Nf6 25.Be7 gxh3 26.Qd1 Kxg7 27.Bxf6+ Kxf6 28.Rc5 Kg7
29.Rac1 Qe6 30.Nf1 Ng8 31.Nh2 Ne7 32.Qg4 Qxg4+ 33.Nxg4 Rxa4 34.Kh2 Ra2 35.R5c2 Rxc2
36.Rxc2 Rc8 37.Kxh3 Kf7 38.Kh4 Ke6 39.Kg5 Rc7 40.Re2 Rc8 41.Kh6 Kf5 42.f3 Ng8+
43.Kxh7 Nf6+ 44.Nxf6 Kxf6 45.e4  1/2-1/2

[Event "ch-HUN Women"]
[Site "Budapest HUN"]
[Date "2001.09.23"]
[Round "3"]
[White "Horvath,Ju"]
[Black "Toth,Li"]
[Result "1/2-1/2"]
[WhiteElo "2294"]
[BlackElo "2184"]

1.d4 Nf6 2.c4 Nc6 3.Nf3 e6 4.g3 Bb4+ 5.Bd2 Qe7 6.Bg2 Bxd2+ 7.Nbxd2 d6 8.O-O O-O
9.e4 a5 10.a3 e5 11.d5 Nb8 12.b4 Na6 13.Ne1 Bd7 14.Nd3 c6 15.Re1 cxd5 16.exd5 Bf5
17.Be4 Nxe4 18.Nxe4 Bxe4 19.Rxe4 f5 20.Re1 Rac8 21.c5 e4 22.Rc1 axb4 23.axb4 Qf6
24.Nf4 Nxb4 25.c6 bxc6 26.dxc6 Kh8 27.c7 Na6 28.Rc6 Nxc7 29.Qc2 g5 30.Nd5 Nxd5
31.Rxc8 Ne7 32.Rxf8+ Qxf8 33.Rb1 Qf6 34.Qc7 f4 35.gxf4 gxf4 36.Kh1 h6 37.Qa7 f3
38.Qe3 d5 39.Rg1 Kh7 40.h3 Qe5 41.Rg4 Qa1+ 42.Rg1 Qe5  1/2-1/2

[Event "ECC"]
[Site "Panormo GRE"]
[Date "2001.09.25"]
[Round "3"]
[White "Jedynak,R"]
[Black "Slovineanu,V"]
[Result "1/2-1/2"]
[WhiteElo "2347"]
[BlackElo "2406"]

1.d4 Nf6 2.c4 Nc6 3.Nf3 e6 4.Nc3 Bb4 5.Qc2 d5 6.e3 O-O 7.Bd3 Qe7 8.a3 dxc4
9.Bxc4 Bd6 10.Nb5 e5 11.Nxd6 cxd6 12.dxe5 dxe5 13.b4 Bg4 14.Nd2 Rac8 15.Qb3 e4
16.h3 Bh5 17.Bb2 Ne5 18.O-O Rfd8 19.Bd4 Nxc4 20.Nxc4 Nd5 21.Rac1 f6 22.Na5 Bf7
23.Qb2 a6 24.Rfd1 h6 25.Nb3 b6 26.Nd2 Kh7 27.Rxc8 Rxc8 28.Rc1 Rd8 29.Nc4 Be6
30.Nd2  1/2-1/2

[Event "Chigorin Mem Open"]
[Site "St Petersburg RUS"]
[Date "2001.10.02"]
[Round "8"]
[White "Kharitonov,Alexa"]
[Black "Weetik,V"]
[Result "0-1"]
[WhiteElo "2409"]
[BlackElo "2290"]

1.d4 Nf6 2.c4 Nc6 3.Nc3 e5 4.d5 Ne7 5.e4 Ng6 6.g3 Bc5 7.Bg2 d6 8.Nf3 a5 9.O-O Bd7
10.Qe2 h5 11.h4 Ng4 12.Nd1 O-O 13.Ne3 f6 14.Nxg4 Bxg4 15.Be3 Qd7 16.Bxc5 dxc5
17.Qe3 Bh3 18.Nh2 Bxg2 19.Kxg2 b6 20.Qf3 Qf7 21.Rfd1 Ne7 22.Rac1 Nc8 23.Nf1 Nd6
24.Ne3 g6 25.g4 hxg4 26.Qxg4 Kh7 27.Qf3 f5 28.exf5 gxf5 29.Rg1 f4 30.Ng4 e4
31.Qc3 Nf5 32.Kf1 Nd4 33.Rd1 Rae8 34.Rxd4 cxd4 35.Qxd4 Qf5 36.Ke2 Rf7 37.d6 cxd6
38.Qxd6 Re6 39.Qd8 Rg6 40.f3 Re6 41.Qd5 e3 42.Qd1 Ree7 43.Qb3 b5 44.Rc1 Rg7
45.Qxb5 Qxb5 46.cxb5 Rc7 47.Rc3 Kg6 48.b6 Rxc3 49.bxc3 Rb7 50.Ne5+ Kf5 51.Nc4 Ke6
52.h5 Kd5 53.Nb2 Rxb6 54.Nd3 Rf6 55.h6 Rxh6 56.Nxf4+ Kc4 57.Kxe3 Kxc3 58.Nd5+ Kc4
59.Nf4 a4 60.Ne2 Rb6 61.f4 Rb2 62.f5 Rxa2 63.f6 Rb2 64.f7 Rb8 65.Kd2 Rf8
66.Kc2 Rxf7 67.Nc1 Rb7  0-1

[Event "TCh-ESP"]
[Site "Cala Galdana ESP"]
[Date "2001.10.14"]
[Round "2"]
[White "Barrero Garcia,C"]
[Black "Llobel Cortell,E"]
[Result "1-0"]
[WhiteElo "2307"]
[BlackElo "2376"]

1.d4 Nf6 2.c4 Nc6 3.Nc3 e5 4.d5 Ne7 5.h4 Neg8 6.Nf3 Ng4 7.a3 f5 8.Qc2 f4
9.Ng5 Bc5 10.e3 fxe3 11.fxe3 N8f6 12.Bd3 O-O 13.Bxh7+ Kh8 14.Rh3 d6 15.Bf5 Bxf5
16.Qxf5 Qd7 17.Qxd7 Nxd7 18.Ne6 Rf7 19.Ne4 Bb6 20.Bd2 Ndf6 21.N4g5 Re7 22.b4 a6
23.c5 Ba7 24.e4 Rd7 25.Rc3 dxc5 26.bxc5 Kg8 27.Rb1 b5 28.a4 Rb8 29.axb5 axb5
30.Ra3 c6 31.dxc6 Re7 32.c7  1-0

[Event "Lasker Autumn IM"]
[Site "Bucharest ROM"]
[Date "2001.10.16"]
[Round "4"]
[White "Barnaure,V"]
[Black "Osman,M"]
[Result "1-0"]
[WhiteElo "2167"]
[BlackElo "2138"]

1.d4 Nf6 2.c4 Nc6 3.Nf3 e5 4.dxe5 Ng4 5.Bf4 Bb4+ 6.Nbd2 Qe7 7.e3 Ngxe5 8.Nxe5 Nxe5
9.a3 Bxd2+ 10.Qxd2 d6 11.Be2 Ng6 12.Bg3 h5 13.h4 Bg4 14.O-O-O Bxe2 15.Qxe2 O-O-O
16.Rd4 Ne5 17.Rhd1 f6 18.Rd5 Qe6 19.Qc2 Nd7 20.R5d4 g5 21.Qa4 a6 22.Qc2 Rde8
23.Bxd6 gxh4 24.Bxc7 Ne5 25.Bxe5 fxe5 26.Rxh4 Kb8 27.c5 Rc8 28.Rc4 h4 29.Rd6 Qe7
30.Qe4 h3 31.gxh3 Rxh3 32.Qd5 Qh7 33.Rd7 Rh1+ 34.Kd2 Rd1+ 35.Kxd1 Qb1+ 36.Rc1 Qxb2
37.Qd6+ Ka8 38.Rd8 Qb3+ 39.Ke1 Rxd8 40.Qxd8+ Ka7 41.Qb6+  1-0

[Event "6th Wichern Open"]
[Site "Hamburg GER"]
[Date "2001.10.18"]
[Round "6"]
[White "Lauber,A"]
[Black "Hebbinghaus,H"]
[Result "1-0"]
[WhiteElo "2424"]
[BlackElo "2229"]

1.d4 Nf6 2.c4 Nc6 3.Nf3 e6 4.g3 Bb4+ 5.Bd2 Qe7 6.Bg2 Bxd2+ 7.Nbxd2 d6 8.O-O O-O
9.e4 e5 10.d5 Nb8 11.Ne1 a5 12.Nd3 Na6 13.f4 Nd7 14.a3 Nac5 15.Nxc5 dxc5
16.Qc2 f6 17.Qc3 Re8 18.b3 Nb6 19.Rf2 Bd7 20.Raf1 Nc8 21.f5 Nd6 22.h4 c6
23.Qe3 cxd5 24.exd5 b6 25.a4 Kf7 26.Bf3 Bxf5 27.Bh5+ Bg6 28.Bg4 h5 29.Be6+ Kf8
30.Qxe5 Bf7 31.Rxf6 gxf6 32.Rxf6 Ra7 33.Rh6 Bxe6 34.dxe6 Nf7 35.Rh8+ Nxh8
36.Qxh8+  1-0

[Event "27th Open"]
[Site "Guernsey GCI"]
[Date "2001.10.24"]
[Round "4"]
[White "Van Voorthuijsen,PW"]
[Black "Havenaar,J"]
[Result "1/2-1/2"]
[WhiteElo "2319"]
[BlackElo "2235"]

1.d4 Nf6 2.c4 Nc6 3.Nf3 d6 4.g3 e5 5.Bg2 Be7 6.d5 Nb8 7.O-O Ne4 8.Nxe5 Nxg3
9.Nxf7 Nxe2+ 10.Qxe2 Kxf7 11.Be4 Nd7 12.Qh5+ g6 13.Qf3+ Kg7 14.Nc3 Bg5 15.Qg2 Bxc1
16.Raxc1 Nf6 17.Bb1 Rf8 18.f4 Ng4 19.Rce1 Nh6 20.Ne4 Qh4 21.Qg5 Qh3 22.Nf2 Qf3
23.Re7+ Rf7 24.Rfe1 Bf5 25.R1e3 Qxe3 26.Rxe3 Bxb1 27.Re1 Bxa2 28.Qg3 b5 29.Qc3+ Kg8
30.b3 bxc4 31.bxc4 Rb8 32.Ne4 Ng4 33.h3 Rb3 34.Qc2 Rxh3 35.Qxa2 Rxf4 36.Qg2 Rh4
37.Ng3 Rh2 38.Qxh2 Nxh2 39.Kxh2 Rxc4  1/2-1/2

[Event "WYG16"]
[Site "Oropesa del Mar ESP"]
[Date "2001.10.28"]
[Round "7"]
[White "Worek,J"]
[Black "Toth,Li"]
[Result "1-0"]
[WhiteElo "2203"]
[BlackElo "2139"]

1.d4 Nf6 2.c4 Nc6 3.Nf3 e6 4.g3 Bb4+ 5.Bd2 Qe7 6.Nc3 b6 7.Bg2 Na5 8.b3 Bb7
9.O-O Ne4 10.Qc2 f5 11.a3 Bxa3 12.Nb5 Nxd2 13.Nxd2 Bd6 14.c5  1-0

[Event "Chigorin Mem Open"]
[Site "St Petersburg RUS"]
[Date "2001.10.30"]
[Round "5"]
[White "Stepanov,E"]
[Black "Khruschiov,A"]
[Result "0-1"]
[WhiteElo "2286"]
[BlackElo "2402"]

1.d4 Nf6 2.c4 Nc6 3.Nf3 e6 4.Nc3 Bb4 5.g3 d6 6.Bg2 e5 7.O-O O-O 8.d5 Nb8
9.Na4 c6 10.a3 Ba5 11.dxc6 Nxc6 12.b4 Bc7 13.Bb2 Be6 14.Rc1 Qe7 15.Ng5 Bf5
16.Nc3 Bb6 17.Nge4 Nxe4 18.Nxe4 Rfd8 19.Nc3 Qd7 20.e3 Rac8 21.Qe2 Ne7 22.Rfd1 Bg4
23.f3 Be6 24.c5 Bc7 25.Nb5 Bb3 26.Rd2 d5 27.Nxa7 Ra8 28.Nb5 Bb8 29.Qd3 Ba4
30.Nc3 Bb3 31.Nb5 Ba4 32.Nc3 Bb3 33.Nd1 Ba4 34.Nf2 h5 35.Qc3 h4 36.Bh3 Qc7
37.Ne4 Ra6 38.Nd6 Raxd6 39.cxd6 Qxd6 40.Qc5 hxg3 41.hxg3 Qf6 42.Qa5 Nc6 43.Qxa4 Qxf3
44.Kh2 Qxe3 45.Qd1 d4 46.Qe1 Qg5 47.b5 Ne7 48.Rcd1 Rd6 49.Bc1 Qg6 50.Qxe5 Rd8
51.Qe1 d3 52.Rg2 Nd5 53.Bb2 Ba7 54.Bc1 Nf6 55.g4 Bb8+ 56.Kg1 Nd5 57.Qh4 Bc7
58.Rf1 Nc3 59.g5 Ne2+ 60.Kh1 Rd4 61.Qf2 Qh5 62.Qf5 Nxc1 63.Rxc1 d2 64.Qc8+ Bd8
65.Rcg1 d1=Q 66.Rxd1 Rxd1+ 67.Kh2 Rd3  0-1

[Event "TCh-CZE 2001-2"]
[Site "CZE"]
[Date "2001.11.18"]
[Round "3"]
[White "Priehoda,V"]
[Black "Bauma,J"]
[Result "1/2-1/2"]
[WhiteElo "2417"]
[BlackElo "2246"]

1.d4 Nf6 2.c4 Nc6 3.Nf3 e6 4.g3 d5 5.Bg2 dxc4 6.O-O Nd5 7.e4 Nb6 8.Be3 Be7
9.Nbd2 O-O 10.Qe2 f5 11.exf5 exf5 12.Nxc4 Nd5 13.Nfe5 f4 14.Nxc6 bxc6 15.Ne5 Bb7
16.gxf4 Nxf4 17.Bxf4 Rxf4 18.Qc4+ Kf8 19.Qe6 Bc8 20.Qxc6 Rb8 21.Qc3 Bd6 22.Qe3 Qh4
23.Rfe1 Kg8 24.Bd5+ Kh8 25.Qxf4 Qxf4 26.Nf7+ Kg8 27.Nxd6+ Be6 28.Bxe6+ Kf8
29.Nc4 Rb5 30.Re5 Rxe5 31.dxe5 Ke7 32.Bg8 Kf8 33.Be6 Ke7 34.Bg8 Kf8 35.Be6 Ke7  1/2-1/2

[Event "American Open"]
[Site "Los Angeles USA"]
[Date "2001.11.22"]
[Round "2"]
[White "Strugatsky,V"]
[Black "Haessler,C"]
[Result "1-0"]
[WhiteElo "2431"]
[BlackElo "2252"]

1.d4 Nf6 2.c4 Nc6 3.Nc3 e5 4.d5 Ne7 5.h4 h5 6.Bg5 Ng6 7.e3 Be7 8.Bd3 Nf8
9.Nf3 Ng4 10.d6 Bxg5 11.dxc7 Qxc7 12.hxg5 d6 13.Nd5 Qd8 14.Qa4+ Bd7 15.Qb4 Bc6
16.Nd2 Ne6 17.Ne4 Kf8 18.Nxd6 a5 19.Qa3 Bxd5 20.cxd5 Qe7 21.dxe6  1-0

[Event "NCC"]
[Site "Philadelphia USA"]
[Date "2001.11.24"]
[Round "3"]
[White "Pugh,L"]
[Black "Benen,S"]
[Result "0-1"]
[WhiteElo "2059"]
[BlackElo "2220"]

1.d4 Nf6 2.c4 Nc6 3.Nf3 e6 4.a3 d6 5.g3 g6 6.Bg2 Bg7 7.O-O O-O 8.Nc3 Re8
9.e4 e5 10.d5 Nd4 11.h3 c5 12.dxc6 bxc6 13.Be3 Nxf3+ 14.Qxf3 Ba6 15.b3 d5
16.Rfd1 d4 17.Bg5 h6 18.Bxf6 Qxf6 19.Na4 Qe7 20.Bf1 c5 21.Qd3 Rab8 22.Rab1 Bf8
23.Qd2 Bb7 24.Re1 Bc6 25.Qa5 Qd8 26.Qd2 Qc7 27.h4 h5 28.Bd3 Rb7 29.f4 Reb8
30.f5 Rxb3 31.Rxb3 Rxb3 32.Nb2 Kh7 33.g4 hxg4 34.h5 Bh6 35.hxg6+ fxg6 36.Qh2 g3
37.Qh4 Rxb2 38.fxg6+ Kg7 39.Rf1 Be3+  0-1

[Event "ch-ROM w"]
[Site "Targoviste ROM"]
[Date "2001.11.25"]
[Round "2"]
[White "Tutulan,M"]
[Black "Vasiesiu,C"]
[Result "0-1"]
[WhiteElo "2012"]
[BlackElo "2222"]

1.d4 Nf6 2.c4 Nc6 3.Nf3 e6 4.Nc3 Bb4 5.Qc2 O-O 6.Bf4 d6 7.e3 Re8 8.O-O-O Bxc3
9.Qxc3 Qe7 10.h3 e5 11.dxe5 dxe5 12.Bh2 Ne4 13.Qc2 Bf5 14.a3 Ng3 15.Bd3 Bxd3
16.Qxd3 Nxh1 17.Qe2 Nxf2 18.Qxf2 Rad8 19.Rf1 Rd7 20.Nh4 Qc5 21.Qe2 Na5 22.Kb1 Nxc4
23.Rc1 b5 24.Nf5 Red8  0-1

[Event "Winter Cup"]
[Site "Bucharest ROM"]
[Date "2001.12.13"]
[Round "3"]
[White "Oancea,N"]
[Black "Osman,M"]
[Result "1-0"]
[WhiteElo "2158"]
[BlackElo "2138"]

1.d4 Nf6 2.c4 Nc6 3.Nf3 d6 4.Nc3 Bg4 5.e3 e5 6.Be2 e4 7.Nd2 Bxe2 8.Qxe2 d5
9.cxd5 Nxd5 10.Ndxe4 Be7 11.O-O O-O 12.Qb5 Nb6 13.a3 a6 14.Qe2 f5 15.Nc5 Rf6
16.Nxb7 Qc8 17.Nc5 f4 18.exf4 Nxd4 19.Qd3 Bxc5 20.Ne4 Ne6 21.Nxf6+ gxf6 22.Be3 Bxe3
23.fxe3 Qe8 24.Rf3 Qb5 25.Rg3+ Ng7 26.Qc2 c5 27.Qf5 Qc6 28.Rd1 Re8 29.Qg4 Qc7
30.Rd6 Re7 31.Rxf6 c4 32.Qf5 Qd8 33.h3 Rxe3 34.Rxg7+ Kxg7 35.Rf7+  1-0

[Event "39th BPCL ch-IND"]
[Site "Nagpur IND"]
[Date "2002.01.18"]
[Round "3"]
[White "Babu,NS"]
[Black "Ramesh,R"]
[Result "1/2-1/2"]
[WhiteElo "2386"]
[BlackElo "2480"]

1.d4 Nf6 2.c4 Nc6 3.Nc3 e5 4.d5 Ne7 5.e4 Ng6 6.Be3 Bb4 7.f3 O-O 8.Qd2 d6
9.Nge2 Bc5 10.Bxc5 dxc5 11.h4 Ne8 12.h5 Ne7 13.g4 c6 14.Ng3 cxd5 15.cxd5 a6
16.Be2 Nd6 17.f4 exf4 18.Qxf4 f6 19.h6 g5 20.Qe3 Ng6  1/2-1/2

[Event "CMA Futurity"]
[Site "Montreal CAN"]
[Date "2002.01.29"]
[Round "6"]
[White "Divljan,I"]
[Black "Schleifer,M"]
[Result "0-1"]
[WhiteElo "2258"]
[BlackElo "2389"]

1.d4 Nf6 2.c4 Nc6 3.Nf3 d6 4.d5 Nb8 5.Nc3 g6 6.h3 Bg7 7.e4 O-O 8.Be3 e5 9.g4 Ne8
10.Bd3 Na6 11.Qd2 Nc5 12.Bc2 a5 13.O-O-O b6 14.Rdg1 a4 15.h4 Nf6 16.Nh2 Bd7
17.f3 Qb8 18.h5 b5 19.cxb5 Bxb5 20.Bh6 Bc4 21.Nf1 a3 22.bxa3 Rxa3 23.Bxg7 Kxg7
24.hxg6 fxg6 25.Qh6+ Kf7 26.g5 Nfd7 27.Qxh7+ Ke8 28.Na4 Rxa2 29.Ne3 Qb3 30.Nxc5 Ra1+  0-1

[Event "Aeroflot Open"]
[Site "Moscow RUS"]
[Date "2002.02.08"]
[Round "6"]
[White "Kobalia,M"]
[Black "Vlassov,N"]
[Result "1/2-1/2"]
[WhiteElo "2620"]
[BlackElo "2454"]

1.d4 Nf6 2.c4 Nc6 3.Nf3 e6 4.g3 Bb4+ 5.Bd2 a5 6.Bg2 d6 7.O-O e5 8.Bg5 exd4
9.Nxd4 Bd7 10.a3 Bc5 11.Nb5 Rc8 12.N1c3 h6 13.Bxf6 Qxf6 14.Qd2 Qg5 15.e3 O-O
16.Nd5 Ne5 17.Nbxc7 Nxc4 18.Qc3 b5 19.a4 Nb6 20.axb5 Nxd5 21.Nxd5 Bxb5 22.Rfd1 Bb4
23.Qd4 Bc5 24.Qf4 Qd8 25.h4 Rb8 26.Nc3 Bd7 27.Ne4 Rb4 28.Qf3 Qb6 29.Nxc5 Bg4
30.Nd7 Bxd7 31.Qd5 Bg4 32.Rd4 Rc8 33.Qxa5 Qxa5 34.Rxa5 Rc1+ 35.Kh2 Rxd4 36.exd4 Rd1
37.Bd5 Rxd4 38.Ra8+ Kh7 39.Bxf7 g5 40.hxg5 hxg5 41.Ra5 Kg7 42.Ba2 Kf6 43.Rd5 Rxd5
44.Bxd5 Ke5 45.Bb7 Kd4 46.Kg2 Be2 47.f4 gxf4 48.gxf4 d5 49.Kg3 Bc4 50.Kg4 Kd3
51.f5 d4 52.f6  1/2-1/2

[Event "Open"]
[Site "Antalya TUR"]
[Date "2002.02.26"]
[Round "5"]
[White "Ataman,A"]
[Black "Poluljahov,A"]
[Result "0-1"]
[WhiteElo "2182"]
[BlackElo "2527"]

1.d4 Nf6 2.c4 Nc6 3.Nf3 e6 4.g3 d5 5.cxd5 exd5 6.Bg2 g6 7.O-O Bg7 8.Nc3 O-O
9.Bf4 Ne7 10.Rc1 c6 11.Be5 Nf5 12.b4 Ne4 13.Bxg7 Kxg7 14.e3 Nxc3 15.Rxc3 a5
16.a3 axb4 17.axb4 Nd6 18.Qb3 Bf5 19.Rcc1 Ra6 20.Ra1 Qb6 21.Qc3 Ne4 22.Qb2 Rfa8
23.Rxa6 Rxa6 24.Nh4 Bd7 25.Bxe4 dxe4 26.d5+ f6 27.dxc6 Qxc6 28.Qd4 Ra2 29.b5 Qe6
30.b6 g5 31.Ng2 Bb5 32.Rd1 Qf5 33.Rd2 Qc5 34.Qd8 Ra8 35.Rd7+ Kg6  0-1

[Event "13th Goodricke"]
[Site "Calcutta IND"]
[Date "2002.03.23"]
[Round "7"]
[White "Kuzmin,A"]
[Black "Satyapragyan,S"]
[Result "1/2-1/2"]
[WhiteElo "2568"]
[BlackElo "2354"]

1.d4 Nf6 2.c4 Nc6 3.Nf3 e6 4.Nc3 Bb4 5.Qc2 O-O 6.a3 Bxc3+ 7.Qxc3 d6 8.b4 Re8
9.Bb2 e5 10.d5 Ne7 11.e3 a5 12.Nd2 axb4 13.axb4 Rxa1+ 14.Bxa1 c6 15.dxc6 Nxc6
16.b5 Nd4 17.Bd3 Ne6 18.O-O Nc5 19.Bc2 b6 20.e4 Bb7 21.f3 Nh5  1/2-1/2

[Event "13th Goodricke"]
[Site "Calcutta IND"]
[Date "2002.03.27"]
[Round "11"]
[White "Gleizerov,E"]
[Black "Satyapragyan,S"]
[Result "1/2-1/2"]
[WhiteElo "2587"]
[BlackElo "2354"]

1.d4 Nf6 2.c4 Nc6 3.Nf3 e6 4.g3 Bb4+ 5.Bd2 Qe7 6.Nc3 O-O 7.Bg2 d6 8.O-O e5
9.Nd5 Nxd5 10.cxd5 Bxd2 11.dxc6 Ba5 12.dxe5 bxc6 13.Nd4 Bd7 14.exd6 Qxd6
15.Nxc6 Bxc6 16.Qxd6 cxd6 17.Bxc6 Rab8 18.b3 Rfc8 19.Rac1 Rc7 20.Rc4 Rb4
21.Rc2 Rd4 22.a3 Rd2 23.Rfc1 Rxc2 24.Rxc2 Kf8 25.b4 Bb6 26.a4 a5 27.b5 d5
28.e3 d4 29.exd4 Bxd4 30.Rd2 Bb6 31.Kf1 Re7 32.h4 g6 33.Bf3 Re6 34.Rc2 Ke7
35.Rc8 Rf6 36.Kg2 h6 37.Rc2 Rd6 38.Be2 g5 39.h5 f5 40.g4 fxg4 41.Bxg4 Rf6
42.f3 Kd6 43.Kf1 Kd5 44.Ke2 Kd4 45.Rc8 Bc5 46.Rg8 Rd6 47.Rg6 Ke5 48.Bc8 Bb6
49.Bf5 Bc5 50.Bc2 Kd4 51.Be4 Ke5 52.Bd3 Kf4 53.Be4 Ke5 54.Rg7 Kf4 55.Rf7+ Ke5
56.Bg6 Bb4 57.Re7+ Kd4 58.Rh7 Ke5 59.Rc7 Kf4 60.Rc4+ Ke5 61.Rc2 Kf4 62.Rc4+ Ke5
63.Bd3 Rd4 64.Rc6 Rd6 65.Rc8 Kd4 66.Be4 g4 67.Rg8 gxf3+ 68.Bxf3 Re6+ 69.Kf2 Bc5
70.Kg3 Rd6 71.Kg4 Kc4 72.Bc6 Kb3 73.Rg6 Rd4+ 74.Kf5 Rxa4 75.Rxh6 Rb4 76.Rh8 a4
77.h6 a3 78.h7 Bd4 79.Rd8 Bg7 80.Bd5+ Kb2 81.Rb8 a2 82.Bxa2 Kxa2 83.b6 Bd4
84.b7 Kb3 85.Ke6 Rb6+ 86.Kd5 Bb2 87.Kc5 Rb4 88.Kc6 Rc4+ 89.Kd6 Rb4 90.Kd5 Ba1
91.Ke6 Rb6+ 92.Kf7 Be5 93.Kg8 Rg6+ 94.Kf7 Rb6 95.Ke8 Rh6 96.Rc8 Rxh7 97.b8=Q+ Bxb8
98.Rxb8+  1/2-1/2

[Event "Foxwoods Open"]
[Site "Connecticut USA"]
[Date "2002.03.28"]
[Round "1"]
[White "Shabalov,A"]
[Black "Benen,S"]
[Result "1-0"]
[WhiteElo "2606"]
[BlackElo "2210"]

1.d4 Nf6 2.c4 Nc6 3.Nf3 e6 4.g3 Bb4+ 5.Nbd2 O-O 6.Bg2 d6 7.O-O Bxd2 8.Qxd2 Qe7
9.b4 e5 10.b5 Nxd4 11.Nxd4 exd4 12.Bb2 Ne4 13.Qxd4 f5 14.a4 a5 15.Ra3 b6
16.g4 Bb7 17.Re3 Qg5 18.h4 Qf6 19.Qxf6 gxf6 20.gxf5 Rae8 21.Re1 Kf7 22.Bf3 Rg8+
23.Kh2 Re7 24.Bd4 Ba8 25.Rg1 Rxg1 26.Kxg1 Bb7 27.Kh2 Ba8 28.Ra3 Bb7 29.Kh3 Bc8
30.Kg4 d5 31.Kf4 Bb7 32.cxd5 Bxd5 33.Re3  1-0

[Event "Norwegian Open"]
[Site "Oslo NOR"]
[Date "2002.03.29"]
[Round "8"]
[White "Kolas,T"]
[Black "Hagesaether,H"]
[Result "0-1"]
[WhiteElo "2181"]
[BlackElo "2256"]

1.d4 Nf6 2.c4 Nc6 3.d5 Ne5 4.e4 e6 5.Nc3 Bb4 6.Qc2 exd5 7.cxd5 Qe7 8.Bd2 O-O
9.f3 c6 10.O-O-O cxd5 11.exd5 d6 12.g4 b5 13.g5 Nfd7 14.Nxb5 Bxd2+ 15.Qxd2 Nb6
16.f4 Nec4 17.Bxc4 Nxc4 18.Qe2 Qd7 19.Nc3 Ba6 20.Nf3 Rfe8 21.Qf2 Rec8 22.Nd4 Rab8
23.b3 Qc7 24.Nc6 Na5 25.Kb2 Nxc6 26.dxc6 Qxc6 27.Rc1 Qb7 28.Rhd1 Bc4 29.Ne2 a5
30.Ka1 a4 31.Nd4 axb3 32.axb3 Bxb3 33.Rxc8+ Rxc8 34.Nxb3 Qxb3  0-1

[Event "40th Doeberl Cup"]
[Site "Canberra AUS"]
[Date "2002.04.01"]
[Round "7"]
[White "Hamilton,D"]
[Black "Johansen,D"]
[Result "1/2-1/2"]
[WhiteElo "2253"]
[BlackElo "2526"]

1.d4 Nf6 2.c4 Nc6 3.Nc3 e5 4.d5 Ne7 5.e4 Ng6 6.Be3 Bb4 7.f3 Bxc3+ 8.bxc3 d6
9.c5 Nd7 10.cxd6 cxd6 11.Qd2 Qc7 12.Rb1 Ne7 13.Nh3 O-O 14.g4 Nc5 15.Be2 Bd7
16.O-O Rab8 17.c4 h5 18.Nf2 hxg4 19.fxg4 Ng6 20.Kg2 b6 21.Kg3 Qd8 22.Bg5 f6
23.Be3 Qe7 24.Bf3 Nf4 25.Bxf4 exf4+ 26.Qxf4 g5 27.Qd2 Qe5+ 28.Kg2 Kg7 29.Qb2 Qxb2
30.Rxb2 Rbc8 31.Rbb1 Rfe8 32.Kg3 Rh8 33.Rh1 Be8 34.h4 Rxh4 35.Rxh4 gxh4+
36.Kxh4 Na4 37.Rc1 Nb2 38.g5 Rxc4 39.gxf6+ Kxf6 40.Ng4+ Ke7 41.Rh1 Bd7 42.Kg5 Bxg4
43.Bxg4 Rxe4 44.Rh7+ Kd8 45.Rd7+ Ke8 46.Rxa7 Nc4 47.Bf5 Re7 48.Ra8+ Kf7 49.Rh8 Kg7
50.Rh7+ Kf8 51.Rh8+ Kg7 52.Rc8 Ne3 53.Be6 Nxd5 54.Rg8+  1/2-1/2

[Event "Open"]
[Site "Dubai UAE"]
[Date "2002.04.24"]
[Round "8"]
[White "Tregubov,P"]
[Black "Sale,S"]
[Result "1-0"]
[WhiteElo "2627"]
[BlackElo "2402"]

1.d4 Nf6 2.c4 Nc6 3.Nf3 e6 4.a3 d5 5.Bg5 dxc4 6.e4 h6 7.Bxf6 Qxf6 8.Bxc4 Qg6
9.Nc3 Be7 10.O-O O-O 11.Qe2 a6 12.e5 Bd7 13.Rad1 Rae8 14.Rfe1 Bd8 15.Bd3 f5
16.exf6 Qxf6 17.Ne4 Qf4 18.Nc5 Bc8 19.Bg6 Re7 20.Be4 Qd6 21.Qc2 Ref7 22.d5 exd5
23.Bxd5 Qf6 24.Ne6 Bxe6 25.Rxe6 Qf5 26.Rxc6  1-0

[Event "TCh-NOR Finals"]
[Site "Oslo NOR"]
[Date "2002.05.12"]
[Round "5"]
[White "Glenne,BE"]
[Black "Hagesaether,P"]
[Result "0-1"]
[WhiteElo "2235"]
[BlackElo "2254"]

1.d4 Nf6 2.c4 Nc6 3.Nf3 e6 4.Nc3 Bb4 5.Qc2 d6 6.Bd2 O-O 7.a3 Bxc3 8.Bxc3 Qe7
9.g3 a5 10.Bg2 e5 11.d5 Nb8 12.O-O a4 13.Nh4 g6 14.e4 Nbd7 15.Rae1 Nh5 16.Qd2 Nc5
17.f4 f6 18.fxe5 fxe5 19.Rxf8+ Qxf8 20.Rf1 Qg7 21.Qg5 Bd7 22.Bf3 Nf6 23.Qe3 b6
24.Bb4 Rb8 25.Bg2 Ng4 26.Qg5 Qh6 27.Bd2 Qxg5 28.Bxg5 h6 29.Bc1 Kg7 30.h3 g5
31.hxg4 gxh4 32.g5 hxg5 33.Bxg5 hxg3 34.Be3 Bg4 35.Rc1 Nd3 36.Rc3 Nf4 37.Bf3 Bxf3
38.Bxf4 exf4 39.Rxf3 Rf8 40.Kg2 Kg6 41.b4 axb3 42.Rxb3 Kg5 43.Kf3 Rh8 44.c5 Rh2
45.cxb6 Rf2+  0-1